Na pohrebe BRIC znejú africké tamtamy

Hodnotenie hospodárskeho vývoja v krajinách strategických zoskupení: BRICS, MENA, NEXT 11. Potenciál afrických štátov.

Guardado en:
Detalles Bibliográficos
Autor principal: Kačalka, Ľuboslav
Formato: Capítulo de libro
Lenguaje:eslovaco
Materias:
Etiquetas: Agregar Etiqueta
Sin Etiquetas, Sea el primero en etiquetar este registro!

MARC

LEADER 00000naa a2200000 4500
001 0174545
005 20231113081843.1
041 0 |a slo 
044 |a SK 
245 1 0 |a Na pohrebe BRIC znejú africké tamtamy  |c Ľuboslav Kačalka 
520 |a Hodnotenie hospodárskeho vývoja v krajinách strategických zoskupení: BRICS, MENA, NEXT 11. Potenciál afrických štátov. 
610 2 0 |a situácia hospodárska 
610 2 0 |a rast hospodársky 
610 2 0 |a BRICS 
610 2 0 |a NEXT 11 
610 2 0 |a MENA 
100 1 |a Kačalka, Ľuboslav